000 00539nam a2200181Ia 4500
003 OSt
005 20250512114349.0
008 210210b1941 xxu||||| |||| 00| 0 eng d
040 _cAL
041 _aKannada
082 _a854/342
100 _aSHRIKANTAYYA (B M) Ed
_987824
_dಬಿ ಎಂ ಶ್ರೀಕಂಠಯ್ಯ
245 _aKannada nadina charitre 1
_bಕನ್ನಡ ನಾಡಿನ ಚರಿತ್ರೆ - ೧
260 _aBengaluru
_b-
_c1941
690 _aKannada Criticism
_987825
906 _a020189
942 _2ddc
_cBK
999 _c144341
_d144341